<?xml version="1.0" encoding="UTF-8"?>
<record
    xmlns:xsi="http://www.w3.org/2001/XMLSchema-instance"
    xsi:schemaLocation="http://www.loc.gov/MARC21/slim http://www.loc.gov/standards/marcxml/schema/MARC21slim.xsd"
    xmlns="http://www.loc.gov/MARC21/slim">

  <leader>00641nam a22001937a 4500</leader>
  <datafield tag="999" ind1=" " ind2=" ">
    <subfield code="c">170023</subfield>
    <subfield code="d">170023</subfield>
  </datafield>
  <controlfield tag="005">20191210122949.0</controlfield>
  <datafield tag="010" ind1=" " ind2=" ">
    <subfield code="a">A-318635</subfield>
  </datafield>
  <datafield tag="020" ind1=" " ind2=" ">
    <subfield code="c">N.A.</subfield>
    <subfield code="a">-</subfield>
  </datafield>
  <datafield tag="035" ind1=" " ind2=" ">
    <subfield code="a">A-318635</subfield>
  </datafield>
  <datafield tag="037" ind1=" " ind2=" ">
    <subfield code="b">BPPD</subfield>
  </datafield>
  <datafield tag="082" ind1=" " ind2=" ">
    <subfield code="a">230.2</subfield>
  </datafield>
  <datafield tag="100" ind1=" " ind2=" ">
    <subfield code="a">&#x645;&#x6C1;&#x627; &#x631; &#x634;&#x6CC; &#x634;&#x64A;&#x648; &#x628;&#x631; &#x62A; &#x644;&#x627; &#x644; &#x648; &#x631; &#x645;&#x646;</subfield>
  </datafield>
  <datafield tag="245" ind1=" " ind2=" ">
    <subfield code="a">&#x628;&#x627; &#x644;&#x645;&#x64A;&#x6A9;&#x6CC; &#x631; &#x627; &#x645;&#x627; &#x64A;&#x646;</subfield>
    <subfield code="c">&#x645;&#x6C1;&#x627; &#x631; &#x634;&#x6CC; &#x634;&#x64A;&#x648; &#x628;&#x631; &#x62A; &#x644;&#x627; &#x644; &#x648; &#x631; &#x645;&#x646;</subfield>
  </datafield>
  <datafield tag="246" ind1=" " ind2=" ">
    <subfield code="a">Balmiki Ramayan (Urdu)</subfield>
    <subfield code="b">by Maha Rishi Shiv Barat Lal Warman </subfield>
  </datafield>
  <datafield tag="260" ind1=" " ind2=" ">
    <subfield code="a">Punjab </subfield>
    <subfield code="c">1988 &#x621; </subfield>
    <subfield code="b">Azad Book Depot</subfield>
  </datafield>
  <datafield tag="270" ind1=" " ind2=" ">
    <subfield code="a">Hall Bazar,Amritsar</subfield>
    <subfield code="b">Punjab</subfield>
    <subfield code="k">-</subfield>
    <subfield code="e">-</subfield>
  </datafield>
  <datafield tag="300" ind1=" " ind2=" ">
    <subfield code="a">280 &#x635;</subfield>
    <subfield code="c">22 cm(hb)</subfield>
  </datafield>
  <datafield tag="942" ind1=" " ind2=" ">
    <subfield code="2">ddc</subfield>
    <subfield code="c">UR</subfield>
    <subfield code="h">230.2</subfield>
    <subfield code="m">&#x648; &#x631; &#x645; </subfield>
  </datafield>
  <datafield tag="952" ind1=" " ind2=" ">
    <subfield code="0">0</subfield>
    <subfield code="1">0</subfield>
    <subfield code="4">0</subfield>
    <subfield code="7">0</subfield>
    <subfield code="8">NFIC</subfield>
    <subfield code="a">L</subfield>
    <subfield code="b">L</subfield>
    <subfield code="d">2019-12-10</subfield>
    <subfield code="e">BPPD/Ven.</subfield>
    <subfield code="g">150.00</subfield>
    <subfield code="l">0</subfield>
    <subfield code="o">230.2 &#x648; &#x631; &#x645;</subfield>
    <subfield code="p">A-318635</subfield>
    <subfield code="r">2019-12-10 00:00:00</subfield>
    <subfield code="t">1</subfield>
    <subfield code="v">150.00</subfield>
    <subfield code="w">2019-12-10</subfield>
    <subfield code="y">UR</subfield>
  </datafield>
</record>
